| 000 | 00376cam a22001217a 4500 | ||
|---|---|---|---|
| 008 | 180718b1959 xxu||||| |||| 00| 0 eng d | ||
| 082 | _aL24303x54 K95 | ||
| 245 |
_aCentral Board of Revenue circulars on income tax act _cedited by Ashok Kumar Kuba |
||
| 260 |
_aDelhi _bLegal _c1959 |
||
| 300 | _a211p. | ||
| 650 | _aIncome tax - India - Legislation | ||
| 700 | _aKuba, Ashok Kumar | ||
| 999 |
_c369818 _d369818 |
||